Seriemestre i fotball (menn) - Statistics

General Stats
  • This quiz has been taken 264 times
  • The average score is 11 of 16
Answer Stats
Antall Klubb % Correct
25 Rosenborg
99%
3 Molde
96%
3 Brann
93%
5 Vålerenga
90%
8 Viking
89%
5 Lillestrøm
82%
2 Lyn
79%
9 Fredrikstad
77%
2 Start
76%
2 Strømsgodset
76%
1 Stabæk
70%
1 Moss
60%
1 Skeid
55%
3 Larvik Turn
19%
1 Fram Larvik
17%
1 Freidig
9%
No matching quizzes found
Score Distribution
Percent of People with Each Score
Percentile by Number Answered
Your Score History
You have not taken this quiz